00776nam a2200253 a 4500001001300000003000900013005001700022008004100039020002600080082001700106100002200123245004200145260005000187300000900237500003500246505001000281650002600291650002300317700002200340902000800362942000700370952013000377999001500507nice12345678IN_TiNIC20260116013110.0050524s1990 cama grp 000 0 eng  a0521352 c945.3500a248.843bWIT aWitherington, Ben aWoman and the Genesis of Christianity aCambridge bCambridge University Press c1990 a273p aincludes index and biblioraphy2 aIndex aWomen in Christianity aEarly-Church Women1 aWitherington, Ben bSRS cBK 001040708StackRoom-aHMIbHMId2007-10-11g945.35l1o248.843 WITp016590r2021-11-09s2021-11-08v945.35w2005-05-24yBK c9639d9639